Religious minorities and China /

Bibliographic Details
Main Author: Dillon, Michael, Dr
Corporate Author: Minority Rights Group
Format: Book
Language:English
Published: London : Minority Rights Group International, 2001.
Series:Minority Rights Group international report.
Subjects:

MARC

Tag First Indicator Second Indicator Subfields
LEADER 00000cam a2200000Ia 4500
001 in00001666521
005 20151024122221.0
008 011213s2001 enkb b 000 0 eng d
020 |a 1897693249 
035 |a (OCoLC)ocm48589768 
040 |a AWC  |c AWC  |d TXA  |d UtOrBLW 
049 |a TXAM 
090 |a BV741  |b .D34 2001 
100 1 |a Dillon, Michael,  |c Dr. 
245 1 0 |a Religious minorities and China /  |c by Michael Dillon. 
264 1 |a London :  |b Minority Rights Group International,  |c 2001. 
300 |a 28 pages :  |b map ;  |c 30 cm. 
336 |a text  |b txt  |2 rdacontent 
337 |a unmediated  |b n  |2 rdamedia 
338 |a volume  |b nc  |2 rdacarrier 
490 1 |a Minority Rights Group international report 
500 |a "November 2001" -- cover verso. 
504 |a Includes bibliographical references (pages 27-28). 
505 1 |a Religious traditions before 1949 -- Religion and the Chinese Communist Party -- Document 19 -- Hong Kong -- Confucianism -- Daoism -- Buddhism -- Tibet and Tibetan Buddhism -- Christianity -- Islam -- New religions. 
650 0 |a Freedom of religion  |z China. 
650 0 |a Religion and state  |z China. 
650 0 |a Buddhism  |z China. 
650 0 |a Christianity  |z China. 
710 2 |a Minority Rights Group. 
830 0 |a Minority Rights Group international report. 
994 |a E0  |b TXA 
948 |a cataloged  |b h  |c 2002/3/21  |d c  |e blrosas  |f 3:21:00 pm 
999 |a MARS 
999 f f |s b986bdef-8526-309f-ba62-ca56c78b457e  |i 04d7ba78-a131-362a-8f6e-19afd56b5f70  |t 0 
952 f f |p ric  |a Texas A&M University  |b Rellis Campus  |c Joint Library Facility  |d Remote Storage  |t 0  |e BV741 .D34 2001  |h Library of Congress classification  |i unmediated -- volume  |m A14828796266 
998 f f |a BV741 .D34 2001  |t 0  |l Remote Storage